| 000 | 00451cam a2200181ua 4500 | ||
|---|---|---|---|
| 041 |
_aeng _h |
||
| 082 |
_a621.3 _bGUP/WO |
||
| 100 | _aGupta, M L . | ||
| 245 |
_aWorkshop practice in electrical engineering / _cM L Gupta. _hTextual Documents |
||
| 250 |
_a5 / _b. |
||
| 260 |
_aDelhi : _bMetropolitan Book Co , _c1980. |
||
| 300 | _a361 ; . | ||
| 504 | _a | ||
| 942 | _cBK | ||
| 999 |
_c6207 _d6207 |
||